| 000 | 01015nas a2200301 4500 | ||
|---|---|---|---|
| 001 | BR2011003958 | ||
| 003 | BR-BrBNA | ||
| 005 | 20231205115510.0 | ||
| 007 | ta | ||
| 008 | 230509b bl.|||p| |||| 00| 00por d | ||
| 040 |
_aBR-BrBNA _bpor _cBiblioteca Nacional de Agricultura |
||
| 041 | _a(Pt) | ||
| 072 | _aL53 | ||
| 100 | 1 | _aSodré, D.N. | |
| 100 | 1 | _aFernandes, C.E. | |
| 100 | 1 | _aZart, A.L. | |
| 100 | 1 | _aCampos, L.J.F. | |
| 245 | 1 | _aAnálise do sêmen e morfometria da cabeça espermática em diferentes porções do epidídimo em touros de corte | |
| 246 | 1 | _aAnalysis of the semen and morphometric parameters of the spermatic head in different portions of epididymis in beef cattle bulls | |
| 650 | _aTOURO | ||
| 650 | _aTESTÍCULO | ||
| 650 | _aSÊMEN | ||
| 650 | _aESPERMATOZÓIDE | ||
| 650 | _aANÁLISE | ||
| 773 | 0 |
_tVeterinária em Foco (Brazil) _xISSN 1679-5237 _g(Jan-Jun 2009), v. 6(2) p. 111-115 _wBR2011003958 |
|
| 909 |
_a202311 _bLúcia _c55 _dLúcia Elande |
||
| 942 |
_2AGRIS _n0 _cANA |
||
| 999 |
_c214119 _d214119 |
||